LEADER 01288nam 2200373 450 001 9910132748203321 005 20240207011937.0 010 $a1-4123-7022-1 024 7 $a10.1522/030157868 035 $a(CKB)3680000000166184 035 $a(NjHacI)993680000000166184 035 $a(EXLCZ)993680000000166184 100 $a20240207d2009 uy 0 101 0 $afre 135 $aur||||||||||| 181 $ctxt$2rdacontent 182 $cc$2rdamedia 183 $acr$2rdacarrier 200 14$aUne re?serve de 2,3 milliards ou un de?ficit cumule? de 5,8 milliards? $equi a raison: le Ve?rificateur ge?ne?ral ou la ministre des Finances? /$fLouis Gill 210 1$aChicoutimi :$cJ.-M. Tremblay,$d2009. 215 $a1 online resource 517 $aUne réserve de 2,3 milliards ou un déficit cumulé de 5,8 milliards? 606 $aFinancial institutions 606 $aFinancial services industry$xManagement 615 0$aFinancial institutions. 615 0$aFinancial services industry$xManagement. 676 $a332 700 $aGill$b Louis$0856482 801 0$bNjHacI 801 1$bNjHacl 906 $aBOOK 912 $a9910132748203321 996 $aUne re?serve de 2,3 milliards ou un de?ficit cumule? de 5,8 milliards$93908569 997 $aUNINA